| 000 | 00779 a2200205 4500 | ||
|---|---|---|---|
| 005 | 20080924104419.0 | ||
| 008 | 080924t xxu||||| |||| 00| 0 eng d | ||
| 010 | _aENG-87819 | ||
| 020 |
_a817880171X _c350.00 |
||
| 035 | _aEN-71352 | ||
| 037 | _bD.B.Act / Pub | ||
| 082 | _a530.12 | ||
| 100 | _aSarn, K. | ||
| 245 |
_aQuantum mechanics _cby K. Sarn |
||
| 260 |
_aNew Delhi _bRajat Publications _c2006 |
||
| 270 |
_a4675/21, Ansari Road, Darya Ganj, _bNew Delhi _e110002 _k011-23267924, 011-22507277 |
||
| 300 |
_av, 154 p. _c22 cm. (Hb.) |
||
| 942 |
_adpl _cEN _k530.12 / SAR _2ddc _h530.12 _mSAR |
||
| 999 |
_c7044 _d7044 |
||